The economists

Shranjeno v:
Bibliografske podrobnosti
Glavni avtor: Silk, Leonard
Format: Knjiga
Jezik:Undetermined
Izdano: New York Avon Books Publishing 1976
Teme:
Oznake: Označite
Brez oznak, prvi označite!
Thư viện lưu trữ: Trung tâm Học liệu Trường Đại học Cần Thơ
LEADER 00425nam a2200169Ia 4500
001 CTU_79304
008 210402s9999 xx 000 0 und d
082 |a 330 
082 |b S583 
100 |a Silk, Leonard 
245 4 |a The economists 
245 0 |c Leonard Silk 
260 |a New York 
260 |b Avon Books Publishing 
260 |c 1976 
650 |a Economics 
980 |a Trung tâm Học liệu Trường Đại học Cần Thơ